|
|
|
|
| LEADER |
00000nab a2200000 4500 |
| 001 |
vtls012249692 |
| 003 |
SK-MaSNL |
| 005 |
20260303210229.0 |
| 008 |
240206|2023 xo |||| ||an ||00 0|slo |
| 015 |
|
|
|a SNBRB2024/02
|
| 040 |
|
|
|a SPKCL
|b slo
|e rda
|
| 041 |
|
|
|a slo
|b slo
|
| 044 |
|
|
|a xo
|c SK
|
| 072 |
|
7 |
|a 37
|x Výchova a vzdelávanie
|2 konspekt
|
| 080 |
|
|
|a 37.043.2
|2 2011
|
| 100 |
1 |
|
|a Deáková, Katarína
|4 aut
|9 1110042
|
| 245 |
1 |
0 |
|a Proces desegregácie v dvoch krajských mestách
|n (1. časť)
|c Katarína Deáková
|
| 300 |
|
|
|b Grafy, tabuľky
|
| 336 |
|
|
|a text
|b txt
|2 rdacontent
|
| 337 |
|
|
|a bez média
|b n
|2 rdamedia
|
| 338 |
|
|
|a zväzok
|b nc
|2 rdacarrier
|
| 504 |
|
|
|a Obsahuje bibliografiu
|
| 546 |
|
|
|a Slovenské resumé
|
| 650 |
0 |
7 |
|a integrovaná výchova a vzdelávanie
|2 SNKPH
|9 67219
|
| 650 |
0 |
7 |
|a rasová segregácia
|2 SNKPH
|9 4726
|
| 650 |
0 |
7 |
|a výchova a vzdelávanie
|2 SNKPH
|9 1684
|
| 650 |
0 |
7 |
|a výskum
|2 SNKPH
|9 4238
|
| 773 |
0 |
|
|t Prevencia : informačný bulletin zameraný na prevenciu sociálno-patologických javov v rezorte školstva
|g Roč. 22, č. 4 (2023), s. 3-
|x 1336-3689
|
| 958 |
|
|
|a NB
|
| 999 |
|
|
|c 2199372
|d 2201302
|